<?xml version="1.0" encoding="UTF-8"?>
<record
    xmlns:xsi="http://www.w3.org/2001/XMLSchema-instance"
    xsi:schemaLocation="http://www.loc.gov/MARC21/slim http://www.loc.gov/standards/marcxml/schema/MARC21slim.xsd"
    xmlns="http://www.loc.gov/MARC21/slim">

  <leader>02944nam a22003137a 4500</leader>
  <controlfield tag="001">8616</controlfield>
  <controlfield tag="003">FISKH</controlfield>
  <controlfield tag="005">20251209143833.0</controlfield>
  <controlfield tag="008">251002b        cb ||||| |||| 00| 0 eng d</controlfield>
  <datafield tag="020" ind1=" " ind2=" ">
    <subfield code="a">9789996301582</subfield>
  </datafield>
  <datafield tag="040" ind1=" " ind2=" ">
    <subfield code="a">FISKH</subfield>
    <subfield code="b">khr</subfield>
    <subfield code="c">FISKH</subfield>
    <subfield code="d">FISKH</subfield>
  </datafield>
  <datafield tag="050" ind1=" " ind2=" ">
    <subfield code="a">PZ7</subfield>
  </datafield>
  <datafield tag="082" ind1=" " ind2=" ">
    <subfield code="a">J398.2452</subfield>
  </datafield>
  <datafield tag="100" ind1=" " ind2=" ">
    <subfield code="a">Sotheary, Kimsun </subfield>
  </datafield>
  <datafield tag="245" ind1=" " ind2=" ">
    <subfield code="a">&#x179F;&#x178F;&#x17D2;&#x179C;&#x1781;&#x17D2;&#x179B;&#x17C2;&#x1784;&#x1793;&#x17B7;&#x1784;&#x17A2;&#x17D2;&#x1793;&#x1780;&#x1794;&#x17D2;&#x179A;&#x1798;&#x17B6;&#x1789;&#x17CB; :</subfield>
    <subfield code="b">Kites and hunters / </subfield>
    <subfield code="c">&#x179A;&#x17C0;&#x1794;&#x179A;&#x17C0;&#x1784;&#x178A;&#x17C4;&#x1799; &#x17A2;&#x17D2;&#x1793;&#x1780;&#x179F;&#x17D2;&#x179A;&#x17B8; &#x1782;&#x17B9;&#x1798;&#x179F;&#x17CA;&#x17BB;&#x1793; &#x179F;&#x17BB;&#x1792;&#x17B6;&#x179A;&#x17B8; ,&#x200B; &#x1780;&#x17C2;&#x179F;&#x1798;&#x17D2;&#x179A;&#x17BD;&#x179B;&#x178A;&#x17C4;&#x1799; &#x179B;&#x17C4;&#x1780; &#x1792;&#x17B8; &#x1785;&#x17B6;&#x1793;&#x17CB;&#x1790;&#x1793; &#x1793;&#x17B7;&#x1784;&#x200B; &#x1780;&#x1789;&#x17D2;&#x1789;&#x17B6; &#x17A0;&#x17C1;&#x1784; &#x1785;&#x179A;&#x17B7;&#x1799;&#x17B6;&#x200B;</subfield>
  </datafield>
  <datafield tag="260" ind1=" " ind2=" ">
    <subfield code="a">Phnom Penh : </subfield>
    <subfield code="b">Reading Books , </subfield>
    <subfield code="c">2012.</subfield>
  </datafield>
  <datafield tag="300" ind1=" " ind2=" ">
    <subfield code="a">20 pages : </subfield>
    <subfield code="b">color illustrations ; </subfield>
    <subfield code="c">25 cm . </subfield>
  </datafield>
  <datafield tag="490" ind1=" " ind2=" ">
    <subfield code="a">&#x1796;&#x17B7;&#x1797;&#x1796;&#x179A;&#x17BF;&#x1784;&#x1793;&#x17B7;&#x1791;&#x17B6;&#x1793;</subfield>
  </datafield>
  <datafield tag="505" ind1=" " ind2=" ">
    <subfield code="a">J

</subfield>
  </datafield>
  <datafield tag="520" ind1=" " ind2=" ">
    <subfield code="a">&#x179A;&#x17BF;&#x1784;&#x1793;&#x17C1;&#x17C7;&#x1795;&#x17D2;&#x178F;&#x17C4;&#x178F;&#x179B;&#x17BE;&#x1780;&#x17B6;&#x179A;&#x1787;&#x17B8;&#x179C;&#x17B7;&#x178F;&#x179A;&#x1794;&#x179F;&#x17CB;&#x179F;&#x178F;&#x17D2;&#x179C;&#x1796;&#x17D2;&#x179A;&#x17C3; &#x17A0;&#x17BE;&#x1799;&#x1798;&#x17B6;&#x1793;&#x1782;&#x17C4;&#x179B;&#x1794;&#x17C6;&#x178E;&#x1784;&#x17A2;&#x1794;&#x17CB;&#x179A;&#x17C6;&#x1798;&#x1793;&#x17BB;&#x179F;&#x17D2;&#x179F;&#x1791;&#x17BC;&#x1791;&#x17C5;&#x17B2;&#x17D2;&#x1799;&#x179F;&#x17D2;&#x179A;&#x179B;&#x17B6;&#x1789;&#x17CB;&#x179F;&#x178F;&#x17D2;&#x179C;&#x1796;&#x17D2;&#x179A;&#x17C3;&#x1791;&#x17B6;&#x17C6;&#x1784;&#x1793;&#x17C4;&#x17C7;&#x1795;&#x1784; &#x178A;&#x17C4;&#x1799;&#x179F;&#x17B6;&#x179A;&#x1790;&#x17B6;&#x1796;&#x17BD;&#x1780;&#x179C;&#x17B6;&#x1780;&#x17CF;&#x1798;&#x17B6;&#x1793;&#x1782;&#x17D2;&#x179A;&#x17BD;&#x179F;&#x17B6;&#x179A;&#x178A;&#x17BC;&#x1785;&#x1787;&#x17B6;&#x1799;&#x17BE;&#x1784;&#x178A;&#x17C2;&#x179A; &#x178F;&#x17C2;&#x1782;&#x17D2;&#x179A;&#x17B6;&#x1793;&#x17CB;&#x178F;&#x17C2;&#x1796;&#x17BD;&#x1780;&#x179C;&#x17B6;&#x1798;&#x17B7;&#x1793;&#x17A2;&#x17B6;&#x1785;&#x1793;&#x17B7;&#x1799;&#x17B6;&#x1799;&#x1794;&#x17B6;&#x1793;&#x1794;&#x17C9;&#x17BB;&#x178E;&#x17D2;&#x178E;&#x17C4;&#x17C7;&#x17D4;
&#x178A;&#x17BC;&#x1785;&#x17D2;&#x1793;&#x17C1;&#x17C7; &#x1794;&#x17D2;&#x179A;&#x179F;&#x17B7;&#x1793;&#x1794;&#x17BE;&#x1799;&#x17BE;&#x1784;&#x1798;&#x17B6;&#x1793;&#x1787;&#x17B8;&#x179C;&#x1797;&#x17B6;&#x1796;&#x1780;&#x17D2;&#x179A;&#x17B8;&#x1780;&#x17D2;&#x179A; &#x1799;&#x17BE;&#x1784;&#x178F;&#x17D2;&#x179A;&#x17BC;&#x179C;&#x1781;&#x17B7;&#x178F;&#x1781;&#x17C6;&#x1794;&#x17D2;&#x179A;&#x17B9;&#x1784;&#x1794;&#x17D2;&#x179A;&#x17C2;&#x1784;&#x1780;&#x17D2;&#x1793;&#x17BB;&#x1784;&#x1780;&#x17B6;&#x179A;&#x1792;&#x17D2;&#x179C;&#x17BE;&#x1780;&#x179F;&#x17B7;&#x1780;&#x1798;&#x17D2;&#x1798; &#x178A;&#x17C4;&#x1799;&#x1798;&#x17B7;&#x1793;&#x1782;&#x17BD;&#x179A;&#x1780;&#x17B6;&#x179A;&#x179A;&#x1780;&#x179F;&#x17CA;&#x17B8;&#x1781;&#x17BB;&#x179F;&#x1785;&#x17D2;&#x1794;&#x17B6;&#x1794;&#x17CB;&#x17D4; &#x1794;&#x17BE;&#x1799;&#x17BE;&#x1784;&#x1785;&#x1784;&#x17CB;&#x17A2;&#x17C4;&#x1799;&#x179F;&#x178F;&#x17D2;&#x179C;&#x1796;&#x17D2;&#x179A;&#x17C3;&#x1793;&#x17C5;&#x179F;&#x17D2;&#x1790;&#x17B7;&#x178F;&#x179F;&#x17D2;&#x1790;&#x17C1;&#x179A;&#x1794;&#x1793;&#x17D2;&#x178F; &#x1791;&#x17B6;&#x17C6;&#x1784;&#x17A2;&#x179F;&#x17CB;&#x1782;&#x17D2;&#x1793;&#x17B6;&#x178F;&#x17D2;&#x179A;&#x17BC;&#x179C;&#x178A;&#x17B6;&#x17C6;&#x178A;&#x17BE;&#x1798;&#x1788;&#x17BE; &#x1793;&#x17B7;&#x1784;&#x1780;&#x17BB;&#x17C6;&#x1794;&#x17C6;&#x1795;&#x17D2;&#x179B;&#x17B6;&#x1789;&#x1796;&#x17D2;&#x179A;&#x17C3;&#x1788;&#x17BE;&#x17D4; &#x1780;&#x17B6;&#x179A;&#x1792;&#x17D2;&#x179C;&#x17BE;&#x178A;&#x17BC;&#x1785;&#x17D2;&#x1793;&#x17C1;&#x17C7;&#x1793;&#x17B9;&#x1784;&#x1792;&#x17D2;&#x179C;&#x17BE;&#x17B2;&#x17D2;&#x1799;&#x1794;&#x17D2;&#x179A;&#x1791;&#x17C1;&#x179F;&#x179A;&#x1794;&#x179F;&#x17CB;&#x1799;&#x17BE;&#x1784;&#x179F;&#x1798;&#x17D2;&#x1794;&#x17BC;&#x179A;&#x1791;&#x17C5;&#x178A;&#x17C4;&#x1799;&#x1792;&#x1793;&#x1792;&#x17B6;&#x1793;&#x1792;&#x1798;&#x17D2;&#x1798;&#x1787;&#x17B6;&#x178F;&#x17B7;&#x17D4;</subfield>
  </datafield>
  <datafield tag="520" ind1=" " ind2=" ">
    <subfield code="a">This story focuses on wild animals' lives and is designed to educate people in general to like such wild animals, for they also have families like us ,but they cannot just speak . Therefore, if we face a poor living standard, we have to put our efforts on farming, but should not earn an illegal livelihood . Thus, if we wish to keep wild animals exsisting, we have to grow trees and don't have to destroy them . Doing so makes our nation rich in natural resources . </subfield>
  </datafield>
  <datafield tag="521" ind1="8" ind2=" ">
    <subfield code="a">500 


</subfield>
    <subfield code="b">Lexile estimate 
</subfield>
  </datafield>
  <datafield tag="521" ind1="8" ind2=" ">
    <subfield code="a">J 

</subfield>
    <subfield code="b">Raz-Plus 
</subfield>
  </datafield>
  <datafield tag="650" ind1=" " ind2=" ">
    <subfield code="a">&#x179F;&#x178F;&#x17D2;&#x179C;&#x1781;&#x17D2;&#x179B;&#x17C2;&#x1784; &#x1793;&#x17B7;&#x1784; &#x17A2;&#x17D2;&#x1793;&#x1780;&#x1794;&#x17D2;&#x179A;&#x1798;&#x17B6;&#x1789;&#x17CB;&#x200B;</subfield>
    <subfield code="v">&#x179A;&#x17BF;&#x1784;&#x1793;&#x17B7;&#x1791;&#x17B6;&#x1793;&#x1780;&#x17BB;&#x1798;&#x17B6;&#x179A;&#x200B;</subfield>
  </datafield>
  <datafield tag="650" ind1=" " ind2=" ">
    <subfield code="a">Kites and hunters</subfield>
    <subfield code="v">Children's stories</subfield>
  </datafield>
  <datafield tag="700" ind1=" " ind2=" ">
    <subfield code="a">Yu, Mai </subfield>
    <subfield code="e">Illustrator </subfield>
  </datafield>
  <datafield tag="942" ind1=" " ind2=" ">
    <subfield code="2">ddc</subfield>
    <subfield code="c">KHB</subfield>
    <subfield code="n">0</subfield>
  </datafield>
  <datafield tag="999" ind1=" " ind2=" ">
    <subfield code="c">8616</subfield>
    <subfield code="d">8616</subfield>
  </datafield>
  <datafield tag="952" ind1=" " ind2=" ">
    <subfield code="0">0</subfield>
    <subfield code="1">0</subfield>
    <subfield code="2">ddc</subfield>
    <subfield code="4">0</subfield>
    <subfield code="7">0</subfield>
    <subfield code="8">Khmer-English Bilingual </subfield>
    <subfield code="a">002</subfield>
    <subfield code="b">002</subfield>
    <subfield code="c">TTP Khmer</subfield>
    <subfield code="d">2025-10-02</subfield>
    <subfield code="l">0</subfield>
    <subfield code="o">SOT PZ7 J 398.2452</subfield>
    <subfield code="p">FIS05060</subfield>
    <subfield code="r">2025-10-02 16:02:00</subfield>
    <subfield code="t">1</subfield>
    <subfield code="w">2025-10-02</subfield>
    <subfield code="y">KHB</subfield>
  </datafield>
  <datafield tag="952" ind1=" " ind2=" ">
    <subfield code="0">0</subfield>
    <subfield code="1">0</subfield>
    <subfield code="2">ddc</subfield>
    <subfield code="4">0</subfield>
    <subfield code="7">0</subfield>
    <subfield code="8">Khmer-English Bilingual </subfield>
    <subfield code="a">002</subfield>
    <subfield code="b">002</subfield>
    <subfield code="c">TTP Khmer</subfield>
    <subfield code="d">2025-10-09</subfield>
    <subfield code="l">0</subfield>
    <subfield code="o">SOT PZ7 J 398.2452</subfield>
    <subfield code="p">FIS05023</subfield>
    <subfield code="r">2025-10-09 14:48:00</subfield>
    <subfield code="t">2</subfield>
    <subfield code="w">2025-10-09</subfield>
    <subfield code="y">KHB</subfield>
  </datafield>
  <datafield tag="952" ind1=" " ind2=" ">
    <subfield code="0">0</subfield>
    <subfield code="1">0</subfield>
    <subfield code="2">ddc</subfield>
    <subfield code="4">0</subfield>
    <subfield code="7">0</subfield>
    <subfield code="8">Khmer-English Bilingual </subfield>
    <subfield code="a">002</subfield>
    <subfield code="b">002</subfield>
    <subfield code="c">TTP Khmer</subfield>
    <subfield code="d">2025-10-09</subfield>
    <subfield code="l">0</subfield>
    <subfield code="o">SOT PZ7 J 398.2452</subfield>
    <subfield code="p">FIS04088</subfield>
    <subfield code="r">2025-10-09 14:48:00</subfield>
    <subfield code="t">3</subfield>
    <subfield code="w">2025-10-09</subfield>
    <subfield code="y">KHB</subfield>
  </datafield>
  <datafield tag="952" ind1=" " ind2=" ">
    <subfield code="0">0</subfield>
    <subfield code="1">0</subfield>
    <subfield code="2">ddc</subfield>
    <subfield code="4">0</subfield>
    <subfield code="7">0</subfield>
    <subfield code="8">Khmer-English Bilingual </subfield>
    <subfield code="a">002</subfield>
    <subfield code="b">002</subfield>
    <subfield code="c">TTP Khmer</subfield>
    <subfield code="d">2025-11-10</subfield>
    <subfield code="l">0</subfield>
    <subfield code="o">SOT PZ7 J 398.2452</subfield>
    <subfield code="p">FIS04274</subfield>
    <subfield code="r">2025-11-10 16:31:00</subfield>
    <subfield code="t">4</subfield>
    <subfield code="w">2025-11-10</subfield>
    <subfield code="y">KHB</subfield>
  </datafield>
  <datafield tag="952" ind1=" " ind2=" ">
    <subfield code="0">0</subfield>
    <subfield code="1">0</subfield>
    <subfield code="2">ddc</subfield>
    <subfield code="4">0</subfield>
    <subfield code="7">0</subfield>
    <subfield code="8">Khmer-English Bilingual </subfield>
    <subfield code="a">002</subfield>
    <subfield code="b">002</subfield>
    <subfield code="c">TTP Khmer</subfield>
    <subfield code="d">2025-11-11</subfield>
    <subfield code="l">0</subfield>
    <subfield code="o">SOT PZ7 J 398.2452</subfield>
    <subfield code="p">FISBK03821</subfield>
    <subfield code="r">2025-11-11 14:23:00</subfield>
    <subfield code="t">5</subfield>
    <subfield code="w">2025-11-11</subfield>
    <subfield code="y">KHB</subfield>
  </datafield>
  <datafield tag="952" ind1=" " ind2=" ">
    <subfield code="0">0</subfield>
    <subfield code="1">0</subfield>
    <subfield code="2">ddc</subfield>
    <subfield code="4">0</subfield>
    <subfield code="7">0</subfield>
    <subfield code="8">Khmer-English Bilingual </subfield>
    <subfield code="a">002</subfield>
    <subfield code="b">002</subfield>
    <subfield code="c">TTP Khmer</subfield>
    <subfield code="d">2025-12-05</subfield>
    <subfield code="l">0</subfield>
    <subfield code="o">SOT PZ7 J 398.2452</subfield>
    <subfield code="p">2025-5051</subfield>
    <subfield code="r">2025-12-05 15:05:58</subfield>
    <subfield code="t">6</subfield>
    <subfield code="w">2025-12-05</subfield>
    <subfield code="y">KHB</subfield>
  </datafield>
  <datafield tag="952" ind1=" " ind2=" ">
    <subfield code="0">0</subfield>
    <subfield code="1">0</subfield>
    <subfield code="2">ddc</subfield>
    <subfield code="4">0</subfield>
    <subfield code="7">0</subfield>
    <subfield code="8">Khmer-English Bilingual </subfield>
    <subfield code="a">002</subfield>
    <subfield code="b">002</subfield>
    <subfield code="c">TTP Khmer</subfield>
    <subfield code="d">2025-12-08</subfield>
    <subfield code="l">0</subfield>
    <subfield code="o">SOT PZ7 J 398.2452</subfield>
    <subfield code="p">2025-5071</subfield>
    <subfield code="r">2025-12-08 14:22:28</subfield>
    <subfield code="t">7</subfield>
    <subfield code="w">2025-12-08</subfield>
    <subfield code="y">KHB</subfield>
  </datafield>
  <datafield tag="952" ind1=" " ind2=" ">
    <subfield code="0">0</subfield>
    <subfield code="1">0</subfield>
    <subfield code="2">ddc</subfield>
    <subfield code="4">0</subfield>
    <subfield code="7">0</subfield>
    <subfield code="8">Khmer-English Bilingual </subfield>
    <subfield code="a">002</subfield>
    <subfield code="b">002</subfield>
    <subfield code="c">TTP Khmer</subfield>
    <subfield code="d">2026-04-09</subfield>
    <subfield code="l">0</subfield>
    <subfield code="o">SOT PZ7 J 398.2452</subfield>
    <subfield code="p">2026-0489</subfield>
    <subfield code="r">2026-04-09 15:02:25</subfield>
    <subfield code="t">8</subfield>
    <subfield code="w">2026-04-09</subfield>
    <subfield code="y">KHB</subfield>
  </datafield>
  <datafield tag="952" ind1=" " ind2=" ">
    <subfield code="0">0</subfield>
    <subfield code="1">0</subfield>
    <subfield code="2">ddc</subfield>
    <subfield code="4">0</subfield>
    <subfield code="7">0</subfield>
    <subfield code="8">Khmer-English Bilingual </subfield>
    <subfield code="a">002</subfield>
    <subfield code="b">002</subfield>
    <subfield code="c">TTP Khmer</subfield>
    <subfield code="d">2026-04-09</subfield>
    <subfield code="l">0</subfield>
    <subfield code="o">SOT PZ7 J 398.2452</subfield>
    <subfield code="p">2026-0495</subfield>
    <subfield code="r">2026-04-09 15:21:56</subfield>
    <subfield code="t">9</subfield>
    <subfield code="w">2026-04-09</subfield>
    <subfield code="y">KHB</subfield>
  </datafield>
</record>
